000 01247nam a2200241Ia 4500
003 OSt
005 20200805093451.0
008 191128s2010 ck fr 000 0 spa d
020 _a9789588371580
040 _aCO-JMCR
_cCO-JMCR
041 0 _aspa
082 0 4 _a343.042 /
_bP177p
_223
100 1 _aParra Ortiz, Harold Ferney,
_eautor
_98404
245 1 3 _aEl proceso administrativo de cobro coactivo /
_cHarold Ferney Parra Ortiz
260 _aBogotá :
_bNueva Legislación,
_c2010
300 _axv, 236 páginas ;
_c24 cm.
505 0 _aAlgo de historia -- Las etapas previas -- Naturaleza jurídica de procedimiento administrativo de cobro coactivo -- La competencia -- Carácter de las providencias dictadas en el proceso administrativo coactivo -- El título ejecutivo
520 3 _aTeniendo en cuenta las disposiciones contenidas en la Ley 1066 de 2006, en donde se establece que las entidades públicas que de manera permanente tengan a su cargo el ejercicio de las actividades y funciones administrativas o la presentación de servicios
650 1 4 _aRecaudación de impuestos
_xmanuales
_zColombia
_98405
650 1 4 _aExención de impuestos
_zColombia
_98406
650 1 4 _aProcedimiento tributario
_zColombia
_98407
942 _2ddc
_cBK
999 _c4847
_d4847